Training module: (Registro nro. 5172)

Detalles MARC
000 -CABECERA
Campo de control 00732nam a2200217 i 4500
005 - FECHA Y HORA DE LA ULTIMA TRANSACCION
Campo de control 20200104041556.0
008 - ELEMENTOS DE LONGITUD FIJA—INFORMACION GENERAL
Campo de control 160123s2004 xxu||||| |||| 00| 0 spa d
020 ## - ISBN
ISBN 9280724282
040 ## - FUENTE DE CATALOGACIÓN
Agencia catalogadora original CO-BoIAVH
Agencia transcriptora CO-BoIAVH
041 ## - IDIOMA
Código de idioma para texto/pista de sonido o título separado Español
090 ## - CLASIFICACIÓN LOCAL
Colección LB
Consecutivo 1814
110 2# - ASIENTO PRINCIPAL--NOMBRE CORPORATIVO
Unidad subordinad United Nations Environment Programme
9 (RLIN) 8871
245 ## - MENCION DE TITULO
Título Training module:
Parte restante del título introduction to capacity building for environment :trade and sustainable development
260 ## - PUBLICACION, DISTRIBUCION, ETC. (PIE DE IMPRENTA)
Lugar de publicación, distribución, etc. Canberra
Nombre del editor, distribuidor, etc. UNEP
-- UNCTAD
Fecha de publicación, distribución, etc. 2004
300 ## - DESCRIPCION FISICA
Extensión 75 páginas +
Material acompañante 1 CD.
650 14 - ASIENTO SECUNDARIO DE MATERIA - TERMINO TEMATICO
Término temático o nombre geográfico como elemento de entrada Medio ambiente
Subdivisión general Enseñanza
9 (RLIN) 54352
650 24 - ASIENTO SECUNDARIO DE MATERIA - TERMINO TEMATICO
Término temático o nombre geográfico como elemento de entrada Desarrollo sostenible
9 (RLIN) 278
710 2# - ASIENTO SECUNDARIO - NOMBRE CORPORATIVO
Nombre corporativo o de jurisdicción como elemento de entrada United Nations Conference on Trade and Development
9 (RLIN) 23560
942 ## - ELEMENTOS ADICIONALES (KOHA)
Tipo de ítem Libro
Sistema de clasificación Dewey Decimal Classification
945 ## - PROCESAMIENTO LOCAL
AAAA-MM-DD - Fecha de ingreso o modificacion 2006-01-17
Existencias
Withdrawn status Lost status Sistema de Clasificación Damaged status No para préstamo Colección Inventariado Ubicación Permanente Ubicación actual Fecha de adquisición Fuente de Valor Valor Total Checkouts Número topográfico Inventario / Código de Barras Date last seen Ejemplar Price effective from Forma de adquisición Tipo de material Public note
    Local     General Inventariado 2017 Bogotá Bogotá 17/06/2006 Instituto 15000.00   LB-1814 022894 04/12/2012 Ej. 1 04/12/2012 Compra Libro Incluye 1 CD (CID-022895)